Dynamic Stop-Loss Rules As Universal Performance Enhancers

Empirické dôkazy, ktoré používajú americký akciový a dlhopisový index k tomu, prečo pravidlá denného zamedzenia strát môžu byť považované za životaschopné zosilňovače výkonnosti. Ilustrácia, ako môžu denné pravidlá zamedzenia strát výrazne prekonať nákup a držanie referenčných hodnôt vlastného imani...

Full description

Saved in:
Bibliographic Details
Main Author: Thomakos, Dimitrios
Other Authors: Yahlomi, Rafael
Format: Book Chapter
Language:English
Subjects:
Tags: Add Tag
No Tags, Be the first to tag this record!

MARC

LEADER 00000nla a2200000 4500
001 0242644
005 20220803161837.5
041 0 |a eng 
044 |a UA 
245 1 0 |a Dynamic Stop-Loss Rules As Universal Performance Enhancers  |c Dimitrios Thomakos 
520 |a Empirické dôkazy, ktoré používajú americký akciový a dlhopisový index k tomu, prečo pravidlá denného zamedzenia strát môžu byť považované za životaschopné zosilňovače výkonnosti. Ilustrácia, ako môžu denné pravidlá zamedzenia strát výrazne prekonať nákup a držanie referenčných hodnôt vlastného imania a dlhopisov. 
610 2 0 |a trh 
610 2 0 |a trh finančný 
610 2 0 |a trh finančný medzinárodný 
610 2 0 |a rozhodovanie investičné 
610 2 0 |a strata obchodná 
610 2 0 |a portfólio 
610 2 0 |a modely ekonometrické 
100 1 |a Thomakos, Dimitrios 
700 1 |a Yahlomi, Rafael